000 00614nam a22001937a 4500
999 _c169616
_d169616
005 20191126160517.0
010 _aUR-10626
020 _c200.00
_a9789389358865
035 _aU-9181
037 _bDBAD/PUB
_a-
082 _aک
100 _aطلعت ا نجم فخر
245 _aنسو ا نی چيخ
_cطلعت ا نجم فخر
246 _bNiswani Chikh (Urdu)
_abyTalat Anjum Fakhar
260 _aDelhi
_bEducational Publishing House
_c2019 ء
270 _a3191,Vakil Street, Kucha Pandit,Lal Kuan,
_bDelhi
_e110006
_k01123216162
_l-
300 _a100ص
_c22 Cm(Hb)
942 _2ddc
_cUR
_hک
_mط ل ع